Filosofía de la psicología / (Record no. 10769)

MARC details
000 -LEADER
campo de control de longitud fija 01097nam a22003135i 4500
001 - NÚMERO DE CONTROL
campo de control 10769
003 - IDENTIFICADOR DE NÚMERO DE CONTROL
campo de control ES-MaACL
005 - FECHA Y HORA DE LA ÚLTIMA TRANSACCIÓN
campo de control 20250822032439.0
007 - CAMPO FIJO DE DESCRIPCIÓN FÍSICA--INFORMACIÓN GENERAL
campo de control de longitud fija t|
008 - DATOS DE LONGITUD FIJA--INFORMACIÓN GENERAL
campo de control de longitud fija 941117s1994 sp ||||0| spa j
020 ## - NÚMERO INTERNACIONAL ESTÁNDAR DEL LIBRO
Número Internacional Estándar del Libro 84-7658-439-3
040 ## - FUENTE DE CATALOGACIÓN
Centro catalogador/agencia de origen M-BN
Lengua de catalogación spa
Centro/agencia transcriptor M-BN
080 ## - NÚMERO DE LA CLASIFICACIÓN DECIMAL UNIVERSAL
Número de la Clasificación Decimal Universal 159.9.01
100 1# - ENTRADA PRINCIPAL--NOMBRE DE PERSONA
Nombre de persona Davidson, Donald.
9 (RLIN) 42896
245 10 - MENCIÓN DEL TÍTULO
Título Filosofía de la psicología /
Mención de responsabilidad, etc. Donald Davidson ; introducción y traducción de Miguel Candel.
250 ## - MENCION DE EDICION
Mención de edición Ed. bilingüe.
260 ## - PUBLICACIÓN, DISTRIBUCIÓN, ETC.
Lugar de publicación, distribución, etc. Barcelona :
Nombre del editor, distribuidor, etc. Anthropos,
Fecha de publicación, distribución, etc. D.L. 1994.
300 ## - DESCRIPCIÓN FÍSICA
Extensión XLIII, 160 p ;
Dimensiones 20 cm.
490 1# - MENCIÓN DE SERIE
Mención de serie Textos y documentos ;
Designación de volumen o secuencia 19
500 ## - NOTA GENERAL
Nota general Texto en español e inglés.
504 ## - NOTA DE BIBLIOGRAFÍA, ETC.
Nota de bibliografía, etc. Bibliografía: p. XXXIX-XLIII.
505 8# - NOTA DE CONTENIDO CON FORMATO
Nota de contenido con formato Mental events = Acontecimientos mentales ; Psychology as philosophy = La psicología como filosofía ; The material mind = La mente material
650 14 - PUNTO DE ACCESO ADICIONAL DE MATERIA--TÉRMINO DE MATERIA
Término de materia o nombre geográfico como elemento de entrada Psicología-
Subdivisión general Filosofía
9 (RLIN) 16546
700 1# - ENTRADA AGREGADA--NOMBRE PERSONAL
Nombre de persona Candel, Miguel.
9 (RLIN) 34449
830 0# - PUNTO DE ACCESO ADICIONAL DE SERIE-TÍTULO UNIFORME
Título uniforme Textos y documentos ;
Designación de volumen o secuencia 19
9 (RLIN) 177664
852 ## - LOCALIZACIÓN
Ubicación ES-MaACL
Número de control de estantería L-18181
Sublocalización o colección R.123005
Holdings
Estatus retirado Estado de pérdida Estado de daño No para préstamo Biblioteca de origen Biblioteca actual Ubicación en estantería Fecha de adquisición Fuente de adquisición Total de préstamos Signatura topográfica completa Código de barras Visto por última vez Precio de reemplazo Tipo de ítem Koha
        Biblioteca del Ateneo de Madrid Biblioteca del Ateneo de Madrid Depósito 2 17/01/2008     L-18181 1010986 23/02/2023 23/02/2023 Libro impreso